Thiền định chữa lành mọi vết thương: Các bài tập thiền trị trầm cảm
Đã lưu trong:
| Hovedforfatter: | |
|---|---|
| Format: | Bog |
| Sprog: | Undetermined |
| Udgivet: |
Hà Nội
Lao động
2012
|
| Fag: | |
| Tags: |
Tilføj Tag
Ingen Tags, Vær først til at tagge denne postø!
|
| Thư viện lưu trữ: | Trung tâm Học liệu Trường Đại học Cần Thơ |
|---|
| LEADER | 00596nam a2200193Ia 4500 | ||
|---|---|---|---|
| 001 | CTU_194086 | ||
| 008 | 210402s9999 xx 000 0 und d | ||
| 020 | |c 40000 | ||
| 082 | |a 613.7046 | ||
| 082 | |b H408 | ||
| 100 | |a Phạm, Phi Hoành | ||
| 245 | 0 | |a Thiền định chữa lành mọi vết thương: | |
| 245 | 0 | |b Các bài tập thiền trị trầm cảm | |
| 245 | 0 | |c Phạm Phi Hoành (biên dịch) | |
| 260 | |a Hà Nội | ||
| 260 | |b Lao động | ||
| 260 | |c 2012 | ||
| 650 | |a Physical therapy | ||
| 980 | |a Trung tâm Học liệu Trường Đại học Cần Thơ | ||